Central Library OPAC University of Rajshahi

Commonsense cataloging : (Record no. 430)

MARC details
000 -LEADER
fixed length control field 01083cam a2200325 a 4500
001 - CONTROL NUMBER
control field 430
003 - CONTROL NUMBER IDENTIFIER
rucl marc code BD-RjUL
005 - DATE AND TIME OF LATEST TRANSACTION
control field 20211208233157.0
008 - FIXED-LENGTH DATA ELEMENTS--GENERAL INFORMATION
fixed length control field 830131r19861983nyua bf 001 0 eng d
020 ## - INTERNATIONAL STANDARD BOOK NUMBER
International Standard Book Number 0824206894 :
035 ## - SYSTEM CONTROL NUMBER
System control number (BD-RjUL)447
040 ## - CATALOGING SOURCE
Original cataloging agency DLC
Transcribing agency DLC
Modifying agency DLC
-- BD-RjUL
Language of cataloging eng
041 ## - LANGUAGE CODE
Language code of text/sound track or separate title eng
082 00 - DEWEY DECIMAL CLASSIFICATION NUMBER
Classification number 025.3
Edition number 19
Author mark and year MIC 1986
100 1# - MAIN ENTRY--PERSONAL NAME
Personal name Miller, Rosalind E.
9 (RLIN) 1337
245 10 - TITLE STATEMENT
Title Commonsense cataloging :
Remainder of title a cataloger's manual /
Statement of responsibility, etc. Rosalind E. Miller and Jane C. Terwillegar.
250 ## - EDITION STATEMENT
Edition statement 3rd ed.
260 ## - PUBLICATION, DISTRIBUTION, ETC. (IMPRINT)
Place of publication, distribution, etc. New York :
Name of publisher, distributor, etc. H.W. Wilson,
Date of publication, distribution, etc. c1983 [Printing 1986]
300 ## - PHYSICAL DESCRIPTION
Pagination x, 166 p. :
Illustrations ill. ;
Size 27 cm.
500 ## - GENERAL NOTE
General note Rev. ed. of: Commonsense cataloging / Esther J. Piercy. 2nd. ed. 1974.
General note Includes index.
504 ## - BIBLIOGRAPHY, ETC. NOTE
Bibliography, etc Bibliography: p. 151-153.
526 ## - STUDY PROGRAM INFORMATION NOTE
Requested Dept. Information Science and Library Management
650 #0 - SUBJECT ADDED ENTRY--TOPICAL TERM
Topical term or geographic name as entry element Cataloging
General subdivision Handbooks, manuals, etc.
9 (RLIN) 1338
700 1# - ADDED ENTRY--PERSONAL NAME
Personal name Terwillegar, Jane C.
Personal name Piercy, Esther J.
942 ## - ADDED ENTRY ELEMENTS (KOHA)
Source of classification or shelving scheme Dewey Decimal Classification
Koha item type Books
Holdings
Lost status Source of classification or shelving scheme Damaged status Not for loan Collection code Permanent Location Current Location Shelving location Date acquired Source of acquisition Cost, normal purchase price Total Checkouts Full call number Date last seen Copy number Koha item type
  Dewey Decimal Classification   Not For Loan Non-fiction Central Library, University of Rajshahi Central Library, University of Rajshahi Reading Room   Not Found 0.00   025.3 MIC 1983 18/11/2013 C-1 Books
  Dewey Decimal Classification     Non-fiction Central Library, University of Rajshahi Central Library, University of Rajshahi   16/05/1991 Not Found 0.00   025.3 MIC 1986 18/11/2013 C-5 Books
  Dewey Decimal Classification     Non-fiction Central Library, University of Rajshahi Central Library, University of Rajshahi   16/05/1991 Photocophy 0.00   025.3 MIC 1986 18/11/2013 C-4 Books
  Dewey Decimal Classification     Non-fiction Central Library, University of Rajshahi Central Library, University of Rajshahi     Not FoundN 0.00   025.3 MIC 1983 18/11/2013 C-2 Books
  Dewey Decimal Classification     Non-fiction Central Library, University of Rajshahi Central Library, University of Rajshahi           025.3 MIC 1986 11/03/2015 C-3 Books
  Dewey Decimal Classification     Non-fiction Central Library, University of Rajshahi Central Library, University of Rajshahi           025.3 MIC 1986 11/03/2015 C-6 Books